Wird geladen...

Origin and development of Islam: an essay on its socio-economic growth /

Bibliographische Detailangaben
1. Verfasser: Engineer, Asgar Ali
Format: Printed Book
Veröffentlicht: Hyderabad Orient Longman 1987
Ausgabe:1st rev. ed.
Schlagworte:
LEADER 00549cam a2200169ua 4500
020 |a 0-86131-678-9 
082 |a 297  |b ENG/O 
100 |a Engineer, Asgar Ali 
245 0 0 |a Origin and development of Islam: an essay on its socio-economic growth /  
250 |a 1st rev. ed. 
260 |a Hyderabad  |b Orient Longman  |c 1987 
300 |a vii,209p. 
500 |a Includes index. 
650 0 |a Islam (history of) 
942 |c BK 
999 |c 10031  |d 10031 
952 |0 0  |1 0  |4 0  |6 297_000000000000000_ENGO  |7 0  |9 10450  |a KUCL  |b KUCL  |d 2014-05-23  |l 0  |o 297 ENG/O  |p 03377  |r 2014-05-23  |y BK